La técnica psicoanalítica

«El médico no debe ser transparente para el analizado, sino, como la luna de un espejo, mostrar solo lo que le es mostrado.» Los textos que conforman el presente volumen fueron seleccionados y reunidos por Daniel Lagache en 1953. En la compilación se encontrará una cantidad impresionante de indicaci...

Descripción completa

Detalles Bibliográficos
Autor principal: Freud, Sigmund 1856-1939
Formato: Libro
Lenguaje:español
Publicado: Buenos Aires: Amorrortu, 2015.
Colección:Obras escogidas
Materias:
Acceso en línea:

MARC

LEADER 00000cam a2200000 4500
003 UAHC
005 20180727173118.0
008 180712s2015 ag |||| |||| 00| 0 spa d
952 |0 0  |1 0  |2 ddc  |4 0  |6 150_195000000000000_FTEC  |7 0  |8 BAS  |9 90227  |a BC  |b BC  |c General  |d 2018-07-27  |e Compra  |g 18500.00  |l 2  |m 2  |o 150.195 FTEC  |p 1461186  |r 2026-01-07 00:00:00  |s 2023-09-12  |t c.1  |v 18500.00  |w 2018-07-27  |x OC:2118 / Factura: 9411  |y BK  |B PSI 
999 |c 50946  |d 50946 
020 |a 9789505188796 
035 |a CENTRAL 
040 |a UAHC_CL  |c UAHC_CL  |d UAHC_CL 
082 |2 21  |a 150.195  |b F889 
100 |9 346  |a Freud, Sigmund  |d 1856-1939 
245 |a La técnica psicoanalítica  |c Sigmund Freud. 
260 |a Buenos Aires:  |b Amorrortu,  |c 2015. 
300 |a 257 p. 
440 |9 3930  |a Obras escogidas 
520 |a «El médico no debe ser transparente para el analizado, sino, como la luna de un espejo, mostrar solo lo que le es mostrado.» Los textos que conforman el presente volumen fueron seleccionados y reunidos por Daniel Lagache en 1953. En la compilación se encontrará una cantidad impresionante de indicaciones, recomendaciones, principios y reglas formuladas por Freud en un período de quince años, entre 1904 y 1919. (…) Este florilegio tiene (…) la ventaja de una gran coherencia, no solo en cuanto a las preocupaciones que en esa época se le plantean a Freud en relación con la práctica del oficio de psicoanalista, sino también con respecto al marco teórico.  
650 0 |9 114  |a Psicoanálisis 
650 0 |9 3918  |a Trastornos neuróticos 
942 |2 ddc  |c BK